| 000 | 00789nam a2200301Ia 4500 | ||
|---|---|---|---|
| 003 | OSt | ||
| 005 | 20230216112851.0 | ||
| 008 | 210210b xxu||||| |||| 00| 0 eng d | ||
| 020 | _a8121902592 | ||
| 040 | _cAL | ||
| 041 | _aeng | ||
| 082 |
_a542/207 _223 _bBAHT |
||
| 100 |
_aArun Bahl _931379 |
||
| 110 |
_aB S Bahl _972491 |
||
| 245 | _aTextbook of organic chemistry | ||
| 250 | _a15 | ||
| 260 |
_bNew Delhi _aS Chand & Company Ltd _c2000 |
||
| 300 |
_axv,859p. _bPB _c24x16cm. |
||
| 650 |
_aOrganic Compounds _972492 |
||
| 650 |
_aSpectroscophy _972493 |
||
| 650 |
_aAlkyl Halides _972494 |
||
| 650 |
_aAromatic Compounds _972495 |
||
| 690 |
_aOrganic Chemistry _931380 |
||
| 700 |
_aBAHL (Arun) _931381 |
||
| 700 |
_aBAHL (B S) _972496 |
||
| 906 | _a055349 | ||
| 942 |
_2ddc _cBB |
||
| 999 |
_c134341 _d134341 |
||